Vytyčovanie hraníc pozemkov v katastri nehnuteľností

Guardado en:
Detalles Bibliográficos
Autor principal: Maslíková, Darina, 1991- (Autor)
Otros Autores: Geisse, Robert, 1972- (Orientador)
Formato: Manuscrito Libro
Lenguaje:eslovaco
Publicado: Bratislava : STU v Bratislave SvF, 2013
Materias:
Acceso en línea:VAIS
https://opac.crzp.sk/?fn=detailBiblioForm&sid=0D77803B6B9621F08E66DB294FA2
Etiquetas: Agregar Etiqueta
Sin Etiquetas, Sea el primero en etiquetar este registro!

MARC

LEADER 00000ntm a22000003a 4500
001 stu271932
005 20231025140953.7
008 130720s2013----xo------------------slo-d
040 |a STU  |b slo 
041 0 |a slo 
044 |a xo 
100 1 |a Maslíková, Darina,  |d 1991-  |4 aut  |u V  |T SvF Stavebná fakulta  |X 7185  |U V  |Y 10  |7 A000007185 
242 0 0 |a RANGING BOUNDARIES OF LANDS IN CADASTRE OF REAL ESTATE  |y eng 
245 1 |a Vytyčovanie hraníc pozemkov v katastri nehnuteľností 
260 |a Bratislava :  |b STU v Bratislave SvF,  |c 2013 
650 7 |a geodézia a kartografia  |2 stusub 
650 7 |a Geodesy and Cartography  |2 estusub 
650 7 |a vytyčovanie  |2 stusub 
700 1 |a Geisse, Robert,  |d 1972-  |4 ths  |u V210  |U SvF Stavebná fakulta  |T SvF Katedra mapovania a pozemkových úprav  |X 886  |U V210  |Y 22  |7 A000000886 
856 4 |a info a plný text  |u http://is.stuba.sk/zp/portal_zp.pl?podrobnosti=79870  |3 VAIS 
856 4 |a CRZP  |u https://opac.crzp.sk/?fn=detailBiblioForm&sid=0D77803B6B9621F08E66DB294FA2